| 000 | 00571nam a2200181Ia 4500 | ||
|---|---|---|---|
| 003 | GCL | ||
| 008 | 140319s9999 xx 000 0 ara d | ||
| 040 |
_aGCL / _cGCL |
||
| 082 | 0 | 4 |
_a909 _bع ت |
| 100 | 1 | _aعبدالفتاح السرنجاوى | |
| 245 | 1 | 0 |
_aتاريخ العالم القديم / _cعبدالفتاح السرنجاوى |
| 300 | _a178 ص | ||
| 490 |
_aالهيئة العامة للاستعلامات _v0 |
||
| 650 | 0 | 4 | _aالتاريخ |
| 650 | 0 | 4 | _aالعالم - تاريخ |
| 650 | 0 | 4 | _aالعالم القديم - تاريخ |
| 942 |
_2ddc _cBK |
||
| 999 |
_c49796 _d49796 |
||